| 000 | 00781nam a22002057a 4500 | ||
|---|---|---|---|
| 999 |
_c18465 _d18465 |
||
| 003 | AR-CdUCM | ||
| 008 | 190514b ||||| |||| 00| 0 spa d | ||
| 040 |
_aMUNICIPALIDAD PROVINCIAL DEL CUSCO _cBIBLIOTECA MUNICIPAL DEL CUSCO |
||
| 082 |
_22ed. _a985.72 / _bP45 |
||
| 100 |
_aPérez Marcio, Manuel F. _931530 |
||
| 245 | _aLos Hijos de la selva / | ||
| 260 |
_aBuenos Aires : _bCasa Editorial Sudamericana, _c1953. |
||
| 300 |
_a218 páginas ; _bláminas, fotografías, _c20 cm. |
||
| 505 | _aContenido: Los hijos de la selva -- La tierra de los incas -- Hacia la selva -- Detenidos por la lluvia -- En Pucallpa -- Volando sobre la selva ... | ||
| 650 |
_aPerú _935 |
||
| 650 |
_aHistoria _9136 |
||
| 650 |
_aAmazonia _93433 |
||
| 942 |
_2ddc _cLIBROS |
||
| 945 |
_aachl _d2019-05-14 |
||